000 00504nam a2200181Ia 4500
005 20250326125123.0
008 250326s9999 xx 000 0 und d
037 _aTextbook
040 _aFMSL
_beng
_cFMSL
041 _aeng
_2eng
084 _aX:9N93n N4
_qFMSL
100 _aIAMR
245 0 _aManpower profile India
_cIAMR
260 _aNew Delhi
_bNew Delhi, Institute Of Applied Manpower Research
_c1994
300 _a283p
942 _cTB
_hX:9N93n N4
999 _c1276635
_d1276635